One Piece - Lettre A - Statistiques

Statistiques générales
  • Ce quiz a été pris 170 fois
  • Le résultat moyen est 17 sur 25
Statistiques - réponses
Indice Réponse % Correct
Royaume des sables, sauvés par Luffy et son équipage Alabasta
99%
Mer légendaire dans laquelle se réunirais tous les poissons du monde All Blue
91%
Admiral en chef de la marine qui à pris la suite de Sengoku Akainu
88%
Premier pirate qu'affronte Luffy lors de son voyage Alvida
86%
Personnage pas ouf de One Piece qui a été tué lors de Marineford Ace
83%
Antagoniste qui à conquis East Blue avant que Luffy entre dans Grand Line Arlong
83%
île située dans Calm Belt dans laquelle Kuma Projette Luffy Amazon Lily
81%
Premier possesseur du fruit de l'invisibilité Absalom
80%
Coupe que porte Luffy lors de son combat contre Foxy Afro
80%
Armes qui pourrais chacune détruire le monde Armes Antiques
78%
Se que certain pirate fond pour étendre leurs territoires à deux Alliance pirate
76%
Wano, Totoland et Sabaody en sont une Archipel
76%
Plus haute autorité de la marine Amiral en chef
75%
Pirate de la génération terrible surnommé "la marée rugissante" Apoo
75%
Organisation qui a pour but de renverser le gouvernement mondial Armée révolutionnaire
73%
Pouvoir que Big Mom à reçu de son fruit qui porte le même nom Âmes
63%
Nom du fruit du démon de Jewelry Bonney Âge
59%
Tireur d'élite et commandant de la troisième flotte de l'équipage de barbe noire Augur
58%
Capitale de ce royaume Alubarna
54%
Fourreau rouge ayant les cheveux roses Ashura Doji
52%
Vague géante qui menace Water 7 chaque années Aqua Laguna
50%
Créature en laquelle se transforme X - Drake, grâce à son Zoan Antique Allosaure
47%
Ministre des fruits à coques dans l'équipage de Big Mom Amande
46%
Système qui permette de communiquer la prime des pirates Avis de recherche
33%
Mont situé dans la province de Kuri ( Wano ) dirigé par le personnage du dessus Atama - Yama
12%
Aucun quiz correspondant
Distribution des résultats
% des personnes avec chaque résultat
Percentile par nombre de réponses
Votre historique - résultats
Vous n’avez pas pris ce quiz